000 01445cam a22003494a 4500
999 _c478276
_d478276
001 13645889
003 NUST
005 20180510105057.0
008 040706s2004 enk b 001 0 eng
010 _a 2004052594
020 _a1403936609 (cloth)
020 _a1403936617 (pbk.)
040 _aDLC
_cDLC
_dDLC
042 _apcc
050 0 0 _aHN17.5
_b.S5987 2004
082 0 0 _a361.6/1
_222
245 0 0 _aSocial policy in a development context /
_cedited by Thandika Mkandawire.
260 _aHoundmills, Basingstoke, Hampshire ;
_aNew York :
_bPalgrave Macmillan,
_c2004.
300 _axiii, 354 p. ;
_c23 cm.
440 0 _aSocial policy in a development context
_910286
504 _aIncludes bibliographical references and index.
650 0 _aSocial policy.
_98916
650 0 _aEconomic development.
_96798
650 0 _aEconomic policy.
_95666
700 1 _aMkandawire, P. Thandika.
_910287
856 4 1 _3Table of contents only
_uhttp://www.loc.gov/catdir/toc/fy053/2004052594.html
856 4 2 _3Contributor biographical information
_uhttp://www.loc.gov/catdir/enhancements/fy0618/2004052594-b.html
856 4 2 _3Publisher description
_uhttp://www.loc.gov/catdir/enhancements/fy0618/2004052594-d.html
906 _a7
_bcbc
_corignew
_d1
_eocip
_f20
_gy-gencatlg
942 _2ddc
_cBK